000 00663nam a2200205Ii 4500
003 JO-AjNU
008 230605s9999||||xx |||||||||||||| ||und||
040 _aJO-AjNU
_bara
_erda
_cJO-AjNU
041 _aara
050 1 4 _aTK7835.S8268 1983
100 3 _aسكر ، فاروق,
_eauthor
_913490
245 0 0 _aاسس الالكترون الفيزيائي والتصميم
264 3 1 _aدمشق : دار الحكمة للنشر ، 1986
300 _a240ص
336 _atext
_btxt
_2rdacontent
337 _aunmediated
_bn
_2rdamedia
338 _avolume
_bnc
_2rdacarrier
490 0 _aسلسلة العلوم الحديثة
650 4 _aالفيزياء
_913491
999 _aA3373
_c6941
_d6941